00425cam a22001217a 4500008004000000082001200040100003100052245005700083260003400140300001400174500009700188650001800285180718b1991 xxu||||| |||| 00| 0 eng d aU6 P939 aDhiratayakinant, Kraiyudht aFramework for the choice of privatisation modalities aNew DelhibOxford & IBHc1991 ap.251-266 a[In] Privatisation and public enterprise: the Asia-Pacific experience, edited by Geeta Gouri aPrivatisation